|
|
|
|
| LEADER |
00000nam a2200000 a 4500 |
| 005 |
20120706134910.0 |
| 007 |
cr|||| |||| |
| 008 |
120418s2006 sp 000 0 spa d |
| 020 |
|
|
|a 9788461563388
|
| 035 |
|
|
|a 6505
|
| 040 |
|
|
|a BUS
|d vLex
|
| 090 |
|
|
|c 3273
|d 3273
|
| 100 |
1 |
|
|a Ferrer Vicente, Jos ̌Mara̕.
|
| 245 |
1 |
0 |
|a Concurso de persona fs̕ica y concurso de herencia en el nuevo derecho concursal
|h [Recurso electrn̤ico] /
|c Jos ̌Mara̕ Ferrer Vicente.
|
| 256 |
|
|
|a Servicio en ln̕ea
|
| 260 |
|
|
|a Bilbao :
|b DISJUREX,
|c D.L. 2006.
|
| 300 |
|
|
|a 1 recurso electrn̤ico
|
| 506 |
1 |
|
|a Contenido solo disponible en los productos indicados
|d vLex Global
|d vLex Global (Academic Edition, excluding Law Schools)
|d vLex Global (U.S. Academic Edition, Law Schools)
|d vLex Global (U.S. Academic Edition, excluding Law Schools)
|d vLex Global (Academic Edition, Law Schools)
|
| 520 |
|
|
|a Este volumen consta de dos partes bien diferenciadas: Parte I: Concurso de persona fs̕ica. Parte II: Concurso de herencia.
|
| 650 |
0 |
4 |
|a Quiebra
|x Derecho
|
| 740 |
0 |
|
|a vLex Libros (Servicio en ln̕ea)
|
| 856 |
4 |
0 |
|u http://vlex.com/source/concurso-persona-fisica-concurso-herencia-nuevo-derecho-concursal-6505
|z Acceso restringido
|
| 907 |
|
|
|a .b24431801
|
| 942 |
|
|
|c BOOK
|
| 999 |
0 |
|
|a Bankruptcy
|